<?xml version="1.0" encoding="UTF-8"?>
<record
    xmlns:xsi="http://www.w3.org/2001/XMLSchema-instance"
    xsi:schemaLocation="http://www.loc.gov/MARC21/slim http://www.loc.gov/standards/marcxml/schema/MARC21slim.xsd"
    xmlns="http://www.loc.gov/MARC21/slim">

  <leader>00304nam a22001457a 4500</leader>
  <controlfield tag="003">SGT</controlfield>
  <datafield tag="082" ind1=" " ind2=" ">
    <subfield code="a">370</subfield>
    <subfield code="b">N01L</subfield>
  </datafield>
  <datafield tag="100" ind1=" " ind2=" ">
    <subfield code="a">LATA, KUSUM</subfield>
  </datafield>
  <datafield tag="245" ind1=" " ind2=" ">
    <subfield code="a">NAI RANG CHETNA TATHA 'BAKRI'</subfield>
  </datafield>
  <datafield tag="250" ind1=" " ind2=" ">
    <subfield code="a">2ND</subfield>
  </datafield>
  <datafield tag="260" ind1=" " ind2=" ">
    <subfield code="a">NEW DELHI</subfield>
    <subfield code="b">INDIAN PUB</subfield>
    <subfield code="c">2001</subfield>
  </datafield>
  <datafield tag="300" ind1=" " ind2=" ">
    <subfield code="a">83</subfield>
  </datafield>
  <datafield tag="650" ind1=" " ind2=" ">
    <subfield code="a">EDUCATION</subfield>
  </datafield>
  <datafield tag="942" ind1=" " ind2=" ">
    <subfield code="2">ddc</subfield>
    <subfield code="c">BK</subfield>
  </datafield>
  <datafield tag="952" ind1=" " ind2=" ">
    <subfield code="0">0</subfield>
    <subfield code="1">0</subfield>
    <subfield code="2">ddc</subfield>
    <subfield code="4">0</subfield>
    <subfield code="7">0</subfield>
    <subfield code="8">FE</subfield>
    <subfield code="a">FE</subfield>
    <subfield code="b">FE</subfield>
    <subfield code="c">TXT</subfield>
    <subfield code="d">2017-06-09</subfield>
    <subfield code="e">ABC PUB</subfield>
    <subfield code="g">125.00</subfield>
    <subfield code="i">SGTU</subfield>
    <subfield code="o">370 N01L</subfield>
    <subfield code="p">ED226</subfield>
    <subfield code="r">2017-06-09 00:00:00</subfield>
    <subfield code="w">2016-02-06</subfield>
    <subfield code="y">BK</subfield>
    <subfield code="k">544</subfield>
  </datafield>
  <datafield tag="952" ind1=" " ind2=" ">
    <subfield code="0">0</subfield>
    <subfield code="1">0</subfield>
    <subfield code="2">ddc</subfield>
    <subfield code="4">0</subfield>
    <subfield code="7">0</subfield>
    <subfield code="8">FE</subfield>
    <subfield code="a">FE</subfield>
    <subfield code="b">FE</subfield>
    <subfield code="c">TXT</subfield>
    <subfield code="d">2017-06-09</subfield>
    <subfield code="e">ABC PUB</subfield>
    <subfield code="g">125.00</subfield>
    <subfield code="i">SGTU</subfield>
    <subfield code="o">370 N01L</subfield>
    <subfield code="p">ED227</subfield>
    <subfield code="r">2017-06-09 00:00:00</subfield>
    <subfield code="w">2016-02-06</subfield>
    <subfield code="y">BK</subfield>
    <subfield code="k">544</subfield>
  </datafield>
  <datafield tag="952" ind1=" " ind2=" ">
    <subfield code="0">0</subfield>
    <subfield code="1">0</subfield>
    <subfield code="2">ddc</subfield>
    <subfield code="4">0</subfield>
    <subfield code="7">0</subfield>
    <subfield code="8">FE</subfield>
    <subfield code="a">FE</subfield>
    <subfield code="b">FE</subfield>
    <subfield code="c">TXT</subfield>
    <subfield code="d">2017-06-09</subfield>
    <subfield code="e">ABC PUB</subfield>
    <subfield code="g">125.00</subfield>
    <subfield code="i">SGTU</subfield>
    <subfield code="o">370 N01L</subfield>
    <subfield code="p">ED228</subfield>
    <subfield code="r">2017-06-09 00:00:00</subfield>
    <subfield code="w">2016-02-06</subfield>
    <subfield code="y">BK</subfield>
    <subfield code="k">544</subfield>
  </datafield>
  <datafield tag="952" ind1=" " ind2=" ">
    <subfield code="0">0</subfield>
    <subfield code="1">0</subfield>
    <subfield code="2">ddc</subfield>
    <subfield code="4">0</subfield>
    <subfield code="7">0</subfield>
    <subfield code="8">FE</subfield>
    <subfield code="a">FE</subfield>
    <subfield code="b">FE</subfield>
    <subfield code="c">TXT</subfield>
    <subfield code="d">2017-06-09</subfield>
    <subfield code="e">ABC PUB</subfield>
    <subfield code="g">125.00</subfield>
    <subfield code="i">SGTU</subfield>
    <subfield code="o">370 N01L</subfield>
    <subfield code="p">ED229</subfield>
    <subfield code="r">2017-06-09 00:00:00</subfield>
    <subfield code="w">2016-02-06</subfield>
    <subfield code="y">BK</subfield>
    <subfield code="k">544</subfield>
  </datafield>
  <datafield tag="952" ind1=" " ind2=" ">
    <subfield code="0">0</subfield>
    <subfield code="1">0</subfield>
    <subfield code="2">ddc</subfield>
    <subfield code="4">0</subfield>
    <subfield code="7">0</subfield>
    <subfield code="8">FE</subfield>
    <subfield code="a">FE</subfield>
    <subfield code="b">FE</subfield>
    <subfield code="c">TXT</subfield>
    <subfield code="d">2017-06-09</subfield>
    <subfield code="e">ABC PUB</subfield>
    <subfield code="g">125.00</subfield>
    <subfield code="i">SGTU</subfield>
    <subfield code="o">370 N01L</subfield>
    <subfield code="p">ED230</subfield>
    <subfield code="r">2017-06-09 00:00:00</subfield>
    <subfield code="w">2016-02-06</subfield>
    <subfield code="y">BK</subfield>
    <subfield code="k">544</subfield>
  </datafield>
  <datafield tag="952" ind1=" " ind2=" ">
    <subfield code="0">0</subfield>
    <subfield code="1">0</subfield>
    <subfield code="2">ddc</subfield>
    <subfield code="4">0</subfield>
    <subfield code="7">0</subfield>
    <subfield code="8">FE</subfield>
    <subfield code="a">FE</subfield>
    <subfield code="b">FE</subfield>
    <subfield code="c">TXT</subfield>
    <subfield code="d">2017-06-09</subfield>
    <subfield code="e">ABC PUB</subfield>
    <subfield code="g">125.00</subfield>
    <subfield code="i">SGTU</subfield>
    <subfield code="o">370 N01L</subfield>
    <subfield code="p">ED231</subfield>
    <subfield code="r">2017-06-09 00:00:00</subfield>
    <subfield code="w">2016-02-06</subfield>
    <subfield code="y">BK</subfield>
    <subfield code="k">544</subfield>
  </datafield>
  <datafield tag="952" ind1=" " ind2=" ">
    <subfield code="0">0</subfield>
    <subfield code="1">0</subfield>
    <subfield code="2">ddc</subfield>
    <subfield code="4">0</subfield>
    <subfield code="7">0</subfield>
    <subfield code="8">FE</subfield>
    <subfield code="a">FE</subfield>
    <subfield code="b">FE</subfield>
    <subfield code="c">TXT</subfield>
    <subfield code="d">2017-06-09</subfield>
    <subfield code="e">ABC PUB</subfield>
    <subfield code="g">125.00</subfield>
    <subfield code="i">SGTU</subfield>
    <subfield code="o">370 N01L</subfield>
    <subfield code="p">ED232</subfield>
    <subfield code="r">2017-06-09 00:00:00</subfield>
    <subfield code="w">2016-02-06</subfield>
    <subfield code="y">BK</subfield>
    <subfield code="k">544</subfield>
  </datafield>
  <datafield tag="952" ind1=" " ind2=" ">
    <subfield code="0">0</subfield>
    <subfield code="1">0</subfield>
    <subfield code="2">ddc</subfield>
    <subfield code="4">0</subfield>
    <subfield code="7">0</subfield>
    <subfield code="8">FE</subfield>
    <subfield code="a">FE</subfield>
    <subfield code="b">FE</subfield>
    <subfield code="c">TXT</subfield>
    <subfield code="d">2017-06-09</subfield>
    <subfield code="e">ABC PUB</subfield>
    <subfield code="g">125.00</subfield>
    <subfield code="i">SGTU</subfield>
    <subfield code="o">370 N01L</subfield>
    <subfield code="p">ED233</subfield>
    <subfield code="r">2017-06-09 00:00:00</subfield>
    <subfield code="w">2016-02-06</subfield>
    <subfield code="y">BK</subfield>
    <subfield code="k">544</subfield>
  </datafield>
  <datafield tag="952" ind1=" " ind2=" ">
    <subfield code="0">0</subfield>
    <subfield code="1">0</subfield>
    <subfield code="2">ddc</subfield>
    <subfield code="4">0</subfield>
    <subfield code="7">0</subfield>
    <subfield code="8">FE</subfield>
    <subfield code="a">FE</subfield>
    <subfield code="b">FE</subfield>
    <subfield code="c">TXT</subfield>
    <subfield code="d">2017-06-09</subfield>
    <subfield code="e">ABC PUB</subfield>
    <subfield code="g">125.00</subfield>
    <subfield code="i">SGTU</subfield>
    <subfield code="o">370 N01L</subfield>
    <subfield code="p">ED234</subfield>
    <subfield code="r">2017-06-09 00:00:00</subfield>
    <subfield code="w">2016-02-06</subfield>
    <subfield code="y">BK</subfield>
    <subfield code="k">544</subfield>
  </datafield>
  <datafield tag="952" ind1=" " ind2=" ">
    <subfield code="0">0</subfield>
    <subfield code="1">0</subfield>
    <subfield code="2">ddc</subfield>
    <subfield code="4">0</subfield>
    <subfield code="7">0</subfield>
    <subfield code="8">FE</subfield>
    <subfield code="a">FE</subfield>
    <subfield code="b">FE</subfield>
    <subfield code="c">TXT</subfield>
    <subfield code="d">2017-06-09</subfield>
    <subfield code="e">ABC PUB</subfield>
    <subfield code="g">125.00</subfield>
    <subfield code="i">SGTU</subfield>
    <subfield code="o">370 N01L</subfield>
    <subfield code="p">ED235</subfield>
    <subfield code="r">2017-06-09 00:00:00</subfield>
    <subfield code="w">2016-02-06</subfield>
    <subfield code="y">BK</subfield>
    <subfield code="k">544</subfield>
  </datafield>
  <datafield tag="999" ind1=" " ind2=" ">
    <subfield code="c">11703</subfield>
    <subfield code="d">11703</subfield>
  </datafield>
</record>
